Warhol/Koons/Hirst = (Record no. 20442)
[ view plain ]
| 000 -LEADER | |
|---|---|
| fixed length control field | 01383cam a22003254a 4500 |
| 001 - CONTROL NUMBER | |
| control field | 12587668 |
| 003 - CONTROL NUMBER IDENTIFIER | |
| control field | OSt |
| 005 - DATE AND TIME OF LATEST TRANSACTION | |
| control field | 20170119093631.0 |
| 008 - FIXED-LENGTH DATA ELEMENTS--GENERAL INFORMATION | |
| fixed length control field | 011113s2001 coua c 000 0 eng |
| 010 ## - LIBRARY OF CONGRESS CONTROL NUMBER | |
| LC control number | 2001132849 |
| 020 ## - INTERNATIONAL STANDARD BOOK NUMBER | |
| International Standard Book Number | 0934324298 |
| 040 ## - CATALOGING SOURCE | |
| Original cataloging agency | DLC |
| Transcribing agency | DLC |
| Modifying agency | DLC |
| 042 ## - AUTHENTICATION CODE | |
| Authentication code | pcc |
| 043 ## - GEOGRAPHIC AREA CODE | |
| Geographic area code | n-us-co |
| 050 00 - LIBRARY OF CONGRESS CALL NUMBER | |
| Classification number | N6490 |
| Item number | .S5875 2001 |
| 082 00 - DEWEY DECIMAL CLASSIFICATION NUMBER | |
| Classification number | 709/.73/07478844 |
| Edition number | 21 |
| 100 1# - MAIN ENTRY--PERSONAL NAME | |
| Personal name | Sobel, Dean. |
| 245 10 - TITLE STATEMENT | |
| Title | Warhol/Koons/Hirst = |
| Remainder of title | cult and culture : selections from the Vicki and Kent Logan collection / |
| Statement of responsibility, etc. | Dean Sobel ; with an essay by David Ebony ; preface by Kent A. Logan. |
| 260 ## - PUBLICATION, DISTRIBUTION, ETC. (IMPRINT) | |
| Place of publication, distribution, etc. | Aspen, CO : |
| Name of publisher, distributor, etc. | Aspen Art Museum, |
| Date of publication, distribution, etc. | c2001. |
| 300 ## - PHYSICAL DESCRIPTION | |
| Extent | 67 p. : |
| Other physical details | col. ill. (chiefly ill.) ; |
| Dimensions | 23 cm. |
| 600 10 - SUBJECT ADDED ENTRY--PERSONAL NAME | |
| Personal name | Warhol, Andy, |
| Dates associated with a name | 1928-1987 |
| Form subdivision | Exhibitions. |
| 600 10 - SUBJECT ADDED ENTRY--PERSONAL NAME | |
| Personal name | Koons, Jeff, |
| Dates associated with a name | 1955- |
| Form subdivision | Exhibitions. |
| 600 10 - SUBJECT ADDED ENTRY--PERSONAL NAME | |
| Personal name | Hirst, Damien |
| Form subdivision | Exhibitions. |
| 600 10 - SUBJECT ADDED ENTRY--PERSONAL NAME | |
| Personal name | Logan, Vicki |
| General subdivision | Art collections |
| Form subdivision | Exhibitions. |
| 600 10 - SUBJECT ADDED ENTRY--PERSONAL NAME | |
| Personal name | Logan, Kent |
| General subdivision | Art collections |
| Form subdivision | Exhibitions. |
| 650 #0 - SUBJECT ADDED ENTRY--TOPICAL TERM | |
| Topical term or geographic name as entry element | Art |
| General subdivision | Private collections |
| Geographic subdivision | Colorado |
| -- | Vail |
| Form subdivision | Exhibitions. |
| 710 2# - ADDED ENTRY--CORPORATE NAME | |
| Corporate name or jurisdiction name as entry element | Aspen Art Museum (Aspen, Colo.) |
| 906 ## - LOCAL DATA ELEMENT F, LDF (RLIN) | |
| a | 7 |
| b | cbc |
| c | orignew |
| d | 2 |
| e | ncip |
| f | 20 |
| g | y-gencatlg |
| 942 ## - ADDED ENTRY ELEMENTS (KOHA) | |
| Source of classification or shelving scheme | |
| Koha item type | Hard Covered Materials |
| Classification part | N 6490 .S5875 2001 |
| Withdrawn status | Lost status | Source of classification or shelving scheme | Damaged status | Not for loan | Home library | Current library | Shelving location | Date acquired | Source of acquisition | Total Checkouts | Full call number | Barcode | Date last seen | Price effective from | Koha item type |
|---|---|---|---|---|---|---|---|---|---|---|---|---|---|---|---|
| MACHAKOS UNIVERSITY LIBRARY | MACHAKOS UNIVERSITY LIBRARY | Technical section | 19/01/2017 | Donation (BFA). | N 6490 .S5875 2001 | 30374 | 13/07/2018 | 19/01/2017 | Hard Covered Materials |